Scenario Analysis Approach for Operational Risk in Insurance Companies

Možnosť výpočtu požadovaného regulatórneho kapitálu v poisťovniach pre operačné riziko podľa nariadenia Solventnost II. Model využitý v poisťovniach pre výpočet kapitálu alokovaného pre operačné riziko. Výber frekvenčného rozdelenia. Porovnanie rozdelenia početnosti a dopadu, kde bolo zvolené Poisso...

Ausführliche Beschreibung

Gespeichert in:
Bibliographische Detailangaben
1. Verfasser: Vyskočil, Michal
Format: Buchkapitel
Sprache:Englisch
Schlagworte:
Tags: Tag hinzufügen
Keine Tags, Fügen Sie das erste Tag hinzu!

MARC

LEADER 00000naa a2200000 4500
001 0270391
005 20201202150212.9
041 0 |a eng 
044 |a CZ 
245 1 0 |a Scenario Analysis Approach for Operational Risk in Insurance Companies  |c Michal Vyskočil 
520 |a Možnosť výpočtu požadovaného regulatórneho kapitálu v poisťovniach pre operačné riziko podľa nariadenia Solventnost II. Model využitý v poisťovniach pre výpočet kapitálu alokovaného pre operačné riziko. Výber frekvenčného rozdelenia. Porovnanie rozdelenia početnosti a dopadu, kde bolo zvolené Poissonovo rozdelenie pre frekvencui a Lognormální rozdelenie pre dopad. 
610 2 0 |a poisťovne 
610 2 0 |a poisťovne 
610 2 0 |a citlivosť 
610 2 0 |a kapitál 
610 2 0 |a riziko operačné 
100 1 |a Vyskočil, Michal